| 000 | 00453pab a2200193 454500 | ||
|---|---|---|---|
| 008 | 180718b1998 xxu||||| |||| 00| 0 eng d | ||
| 100 | _aSingh, Amrik | ||
| 245 | _aExaminations and the UGC | ||
| 260 | _c1998 | ||
| 300 | _ap.10 | ||
| 362 | _a1 Dec | ||
| 650 | _aEducation - India | ||
| 650 | _aExamination boards - India | ||
| 650 | _a | ||
| 650 | _aHigher education - India | ||
| 650 | _aHigher Education | ||
| 773 | _aHindu | ||
| 909 | _a40208 | ||
| 999 |
_c40208 _d40208 |
||